00604nam a2200205 a 450000100100000000500170001000800410002702000150006804000200008308200240010310000330012724500520016025000110021226000340022330000210025749000360027865000220031465000260033683000360036200000805920200929154420.0910315s1994 sp 001 0 spa  a8433917978 aDO-SdBNPdBNPHU a863.62bA357h, 19941 aAldecoa, Josefina R.,d1926-10aHistoria de una maestra /cJosefina R. Aldecoa. a9a ed. aBarcelona :bAnagrama,c1994. a232 p. ;c20 cm.1 aNarrativas Hispánicasvno. 97 4aNovela española 4aLiteratura española 0aNarrativas Hispánicasvno. 97